| 000 | 01225nab a22002417a 4500 | ||
|---|---|---|---|
| 999 |
_c6047 _d6047 |
||
| 003 | OSt | ||
| 005 | 20260118220439.0 | ||
| 008 | 190605e xxu||||| |||| 00| 0 spa d | ||
| 040 | _cPJ | ||
| 100 |
_96834 _aPucheta, Leonardo L. |
||
| 245 | 1 | 3 |
_aLa certeza del administrado como fundamento reglamentario / _cLeonardo L. Pucheta. |
| 260 |
_aCiudad Autónoma de Buenos Aires : _bThomson Reuters La Ley, _c2025. |
||
| 300 | _ap. 220-223 | ||
| 500 | _aCita: TR LALEY AR/DOC/2674/2025. | ||
| 505 | _aSumario: I. Introducción.— II. Los actores tradicionales del sistema.— III. Nuevos jugadores.— IV. Actuación sistémica.— V. Regulación vs. desregulación.— VI. Regulación, iniciativa privada y subsidiariedad.— VII. Ideas de cierre. | ||
| 505 | _t¿Te interesa el texto completo? Solicitalo al correo: koha@justierradelfuego.gov.ar | ||
| 650 | 0 |
_91316 _aDERECHO LABORAL |
|
| 650 | 0 |
_91482 _aLEY SOBRE RIESGOS DEL TRABAJO |
|
| 650 | 0 |
_96375 _aHIGIENE Y SEGURIDAD EN EL TRABAJO |
|
| 650 | 0 |
_aASEGURADOR POR RIESGOS DEL TRABAJO _95144 |
|
| 773 | 0 |
_02711 _93168 _dCiudad Autónoma de Buenos Aires : Thomson Reuters La Ley, 1999-2002. _tRevista de derecho del trabajo. Nº 6 - Noviembre 2025 |
|
| 942 |
_2udc _cANA |
||